000 00700nam a22002537a 4500
003 UA-OsUOA
001 21252
007 ta
008 20031125b un ||||| |||| 00| 0 ukr d
090 _a331
_bМ79
942 _cBK
040 _aUA-OsUOA
_brus
_cUA-OsUOA
_dUA-OsUOA
245 _aМорехозяйственный комплекс
_cБ.В.Буркинский В.Н.Степанов В.А.Дергачев В.С.Панюков М.И.Котлубай
300 _a350 с.
955 _a0
041 _arus
080 _a331
020 _a5-12-000953-0
260 _aКиев
_bНаукова думка
_c1991
246 3 1 _aТ.1
_n
044 _aUA
650 7 _2UDC
999 _c307445
_d307445